Návrh opatrení pri riešení zákazníckych reklamácií v podniku ŽELEZO HRANICE-SK s.r.o.

Guardado en:
Detalles Bibliográficos
Autor principal: Herceg, Andrej (Autor)
Otros Autores: Mesárošová, Jana (Orientador)
Formato: Manuscrito Libro
Lenguaje:eslovaco
Publicado: 2018
Materias:
Acceso en línea:http://is.stuba.sk/zp/portal_zp.pl?podrobnosti=137797
Etiquetas: Agregar Etiqueta
Sin Etiquetas, Sea el primero en etiquetar este registro!

MARC

LEADER 00000ntm a22000003a 4500
001 stuzp67373
003 SK-STU
005 20180820154513.2
007 ta
008 150427s2015----xo-----f-mn---000-0-slo-d
040 |a STU  |b slo 
041 0 |a slo 
100 1 |a Herceg, Andrej  |u 064000  |4 aut  |U MTF Materiálovotechnologická fakulta  |T MTF Ústav priemyselného inžinierstva a manažmentu  |X 80160  |U M4000  |Y 84  |7 80160 
242 0 1 |a Design of measures for solving customer complaints in ŽELEZO HRANICE-SK s.r.o.  |y eng 
245 1 0 |a Návrh opatrení pri riešení zákazníckych reklamácií v podniku ŽELEZO HRANICE-SK s.r.o. 
260 |c 2018 
650 4 |a claim  |2 eng 
650 4 |a Quality  |2 eng 
650 4 |a 8D Report  |2 eng 
650 4 |a Metóda 8D  |2 slo 
650 4 |a Reklamácia  |2 slo 
650 4 |a Kvalita  |2 slo 
700 1 |a Mesárošová, Jana  |u 064000  |k Z1  |4 ths  |U MTF Materiálovotechnologická fakulta  |T MTF Ústav priemyselného inžinierstva a manažmentu  |X 33022  |U M4000  |Y 84  |7 A000033022 
856 4 |u http://is.stuba.sk/zp/portal_zp.pl?podrobnosti=137797 
996 |c M* BP-8435  |l MMSKP  |s P  |a 0  |w stuzp67373_0001